000 00516nab a2200145Ia 4500
003 ES-SlBCS
005 20210601145543.0
008 140529s1992 xxu||||| |||| 00| 0 spa d
041 _aspa
100 1 _aYounis, José Antonio
_9221632
245 0 0 _aLas guerras en las mentes de los niños
_c José Antonio Younis
650 0 4 _aNiño-Guerra
_9313845
773 0 _tRevista Española de Investigaciones Sociologicas. Antes: Revista Española de la Opinión Pública
_gvol. 57, 1992, págs. 179-190
_wRev344
942 _cAR
999 _c726235
_d726235